| 000 | 00810cam a2200193 4500 | ||
|---|---|---|---|
| 001 | ABS60762 | ||
| 008 | 000000n1999 000 0 eng u | ||
| 035 | _a(Sirsi) u101259 | ||
| 100 | _aJameson, A. | ||
| 245 | _aCode for credibility. | ||
| 260 | _c1999 | ||
| 490 |
_aProperty Week _v64(24) 18 June 1999, 32-33(2) |
||
| 520 | _aThe Investment Property Forum has introduced a code of practice for reporting the performance of property funds. The code is voluntary at present but it is hoped that it will be adopted as an industry standard. Monitoring groups will be appointed periodically to recommend changes or alterations to the code. | ||
| 650 | _aFUND MANAGEMENT | ||
| 650 | _aPERFORMANCE REPORTING | ||
| 650 | _aPROPERTY FUNDS | ||
| 690 | _aPROPERTY-PROPERTY FINANCE AND INVESTMENT | ||
| 942 | _n0 | ||
| 999 |
_c60412 _d60412 |
||